000 00842cam a2200289K 4500
001 47246
005 20230410101628.0
008 890728s1962 ht 000 0 fre d
035 _a(OCoLC)ocm20087021
040 _aTJC
_cTJC
_dFDA
_dOCLCQ
019 _a20805217
035 _a(OCoLC)20087021
_z(OCoLC)20805217
043 _af------
_anw-----
_an------
_as------
050 1 4 _a110 DT 25
_bP946d 1962
100 1 _aPrice-Mars, Jean,
_d1876-1969.
245 1 0 _aDe la préhistoire d'Afrique á l'histoire d'Haiti.
260 _aPort-au-Prince,
_bImpr. de l'Etat,
_c1962.
300 _a217 p.
490 0 _aEbauches. Série 2
651 0 _aAfrica
_xAntiquities.
650 0 _aBlacks
_zWest Indies.
650 0 _aBlacks
_zAmerica.
650 4 _aCEH
650 4 _aColección Estudios Haitianos
942 _2lcc
_cbk
994 _aC0
_bDRFGD
999 _c11234
_d11234